000 00523nam a22001817a 4500
005 20251108172910.0
008 250721s1999 xx 000 0 ara d
082 1 4 _a514/ إسل
100 1 _aاسليم، عبد ربه محمد
245 1 0 _aفقه التوبولوجيا : قراءة بنيوية /
250 _aط/2
264 1 _aالقاهره :
_bمكتبه مدبولي،
_c1999.
300 _a386ص
650 1 7 _aالرياضيات
650 1 7 _aالتوبولوجيا
942 _2ddc
_cBK
999 _c91252
_d91252